| 000 | 00952nac a22002891i 4500 | ||
|---|---|---|---|
| 003 | EG-ScBUE | ||
| 005 | 20240820104942.0 | ||
| 008 | 240820s1995 enka f 001 0 eng d | ||
| 020 | _a0304345849 | ||
| 020 | _a9780304345847 | ||
| 040 |
_aEG-ScBUE _beng _erda _cEG-ScBUE _dEG-ScBUE |
||
| 082 | 0 | 4 |
_a500 _bZIM _222 |
| 100 | 1 |
_aZimmerman, Barry E., _eauthor. |
|
| 245 | 1 | 0 |
_aWhy nothing can travel faster than light / _cBarry E. Zimmerman and David J. Zimmerman. |
| 264 | 1 |
_aLondon : _bCassell Publishers, _c1995. |
|
| 300 |
_ax, 309 pages : _billustrations ; _c24 cm |
||
| 336 |
_2rdacontent _atext _btxt |
||
| 337 |
_aunmediated _2rdamedia _bn |
||
| 338 |
_avolume _bnc _2rdacarrier |
||
| 500 | _aOriginally publishedin the United States of America,1993. | ||
| 500 | _aIncludes index. | ||
| 650 | 7 |
_aScience. _2BUEsh |
|
| 650 | 7 |
_aAstronomy. _2BUEsh |
|
| 655 | _vReading book | ||
| 700 | 1 |
_aZimmerman, David J., _eauthor. |
|
| 942 |
_cBB _2ddc |
||
| 999 |
_c9449 _d9449 |
||